Catalog

Record Details

Catalog Search



To není moje chyba : jak se vyrovnat se selháním  Cover Image Book Book

To není moje chyba : jak se vyrovnat se selháním / Henry Cloud a John Townsend ; [překlad Pavel Štička]

Record details

  • ISBN: 978-80-7255-183-5
  • Physical Description: 173 s. ; 21 cm
  • Edition: 1. vyd.
  • Publisher: Praha : Návrat domů, c2008

Content descriptions

General Note:
Přeloženo z angličtiny
Bibliography, etc. Note:
Obsahuje bibliografické odkazy
Subject: odpovědnost
sebepoznání
interpersonální vztahy
křesťanská morálka
responsibility
self-consciousness
interpersonal relations
Christian morality
Genre: populárně-naučné publikace
popular works

Available copies

  • 3 of 3 copies available at Common Catalog SPOK.

Holds

  • 0 current holds with 3 total copies.
Show Only Available Copies
Location Call Number / Copy Notes Barcode Shelving Location Status Due Date
ETS Library 248.4 424470011683 Volný výběr Available -
ETS Library 248.4 424470014770 Volný výběr Available -
KDS Library 15 ClH 204576802613 Library Available -

Electronic resources

Version of Resource: Obsah


LDR 01761cam a2200517 a 4500
00122045
003CZ-PrJAB
00520150717121129.0
007ta
008081202s2008 xr g f 000 0 cze d
015 . ‡acnb001831110
020 . ‡a978-80-7255-183-5 ‡q(brož.)
035 . ‡a(CZ PrNK)nkc20081831110
035 . ‡a(OCoLC)316676999
040 . ‡aKLG001 ‡bcze ‡dBOA001
0411 . ‡acze ‡heng
072 7. ‡a316.4/.7 ‡xSociální interakce ‡2Konspekt ‡918
080 . ‡a159.947.23 ‡2MRF
080 . ‡a177.7 ‡2MRF
080 . ‡a165.242.1 ‡2MRF
080 . ‡a316.472.4 ‡2MRF
080 . ‡a27-42 ‡2MRF
080 . ‡a(0.062) ‡2MRF
08214. ‡a248.4
1001 . ‡aCloud, Henry, ‡d1956- ‡7mzk2002105672 ‡4aut
24510. ‡aTo není moje chyba : ‡bjak se vyrovnat se selháním / ‡cHenry Cloud a John Townsend ; [překlad Pavel Štička]
250 . ‡a1. vyd.
260 . ‡aPraha : ‡bNávrat domů, ‡cc2008
300 . ‡a173 s. ; ‡c21 cm
500 . ‡aPřeloženo z angličtiny
504 . ‡aObsahuje bibliografické odkazy
65007. ‡aodpovědnost ‡7ph123697 ‡2czenas
65007. ‡asebepoznání ‡7ph116116 ‡2czenas
65007. ‡ainterpersonální vztahy ‡7ph114786 ‡2czenas
65007. ‡akřesťanská morálka ‡7ph115061 ‡2czenas
65009. ‡aresponsibility ‡2eczenas
65009. ‡aself-consciousness ‡2eczenas
65009. ‡ainterpersonal relations ‡2eczenas
65009. ‡aChristian morality ‡2eczenas
655 7. ‡apopulárně-naučné publikace ‡7fd131864 ‡2czenas
655 9. ‡apopular works ‡2eczenas
7001 . ‡aTownsend, John Sims, ‡d1952- ‡7mzk2002105673 ‡4aut
7650 . ‡tIt's not my fault ‡9Česky
85641. ‡yObsah ‡uhttp://toc.nkp.cz/NKC/200901/contents/nkc20081831110_1.pdf
910 . ‡aABG450
910 . ‡aABE463
9281 . ‡aNávrat domů
998 . ‡a001831110
999 . ‡a9309 ‡bAUTOGEN ‡c9309 ‡tbiblio
901 . ‡a22045 ‡b ‡c22045 ‡tbiblio ‡sets

Additional Resources